000
00288nam a2200109Ia 4500
008
200302s9999 xx 000 0 und d
100
_a
Michael J. Crobie
245
_a
Center Book Reinventing American Architecture
260
_b
Rockport Publishers Inc.
260
_c
1993
300
_a
191 P.,
999
_c
1934
_d
1934